000 00573nam a2200229Ia 4500
003 OSt
005 20220918192710.0
006 a|||||r|||| 00| 0
007 ta
008 220917b |||||||| |||| 00| 0 eng d
024 _a69,700
037 _cTextual
040 _aARTS
_cARTS
_beng
041 _2eng
_aeng
082 _aQxK76:1, L0
100 _aCollins A
_979837
245 0 _aDiscourse concerning ridicule and irony in writing
260 _c1970
650 _aRELIGION
942 _hQxK76:1, L0
_cTEXL
_2CC
999 _c195831
_d195831